Ekatmatecha Marga (Record no. 1398320)

MARC details
000 -LEADER
fixed length control field 00629nam a2200277Ia 4500
008 - FIXED-LENGTH DATA ELEMENTS--GENERAL INFORMATION
fixed length control field 160716s9999||||xx |||||||||||||| ||und||
040 ## - CATALOGING SOURCE
Transcribing agency Marathi
082 ## - DEWEY DECIMAL CLASSIFICATION NUMBER
Classification number XV.E/Devarasa
082 ## - DEWEY DECIMAL CLASSIFICATION NUMBER
Item number BORI-76132
100 ## - MAIN ENTRY--PERSONAL NAME
Personal name Devarasa
245 ## - TITLE STATEMENT
Title Ekatmatecha Marga
260 ## - PUBLICATION, DISTRIBUTION, ETC. (IMPRINT)
Place of publication, distribution, etc Pune
260 ## - PUBLICATION, DISTRIBUTION, ETC. (IMPRINT)
Name of publisher, distributor, etc Bhartiya Vichar Sadhana
300 ## - PHYSICAL DESCRIPTION
Extent 38
300 ## - PHYSICAL DESCRIPTION
Dimensions A
300 ## - PHYSICAL DESCRIPTION
Accompanying material Paperback
530 ## - ADDITIONAL PHYSICAL FORM AVAILABLE NOTE
Uniform Resource Identifier <a href="00076132.pdf">00076132.pdf</a>
563 ## - BINDING INFORMATION
Binding note Reference
600 ## - SUBJECT ADDED ENTRY--PERSONAL NAME
Personal name Devarasa
630 ## - SUBJECT ADDED ENTRY--UNIFORM TITLE
Uniform title Ekatmatecha Marga
650 ## - SUBJECT ADDED ENTRY--TOPICAL TERM
Topical term or geographic name as entry element Collected works
650 ## - SUBJECT ADDED ENTRY--TOPICAL TERM
Topical term or geographic name as entry element Reference
700 ## - ADDED ENTRY--PERSONAL NAME
Personal name Devarasa
730 ## - ADDED ENTRY--UNIFORM TITLE
Uniform title Ekatmatecha Marga
942 ## - ADDED ENTRY ELEMENTS (KOHA)
Koha item type Book

No items available.